Handbuch der nordsemitischen Epigraphik : nebst ausgewählten Inschriften /

محفوظ في:

المؤلف الرئيسي: Lidzbarski, Mark, 1868-1928 (مؤلف)

التنسيق: كتاب

اللغة: German

منشور في: Weimar : E. Felber, 1898.

الموضوعات:

الوسوم: إضافة وسم

لا توجد وسوم, كن أول من يضع وسما على هذه التسجيلة!

رقم الطلب: ( F )PJ3085 .L5 v.1-2

LEADER 01053nam a2200277ui 4500
001 736
003 OSt
005 20221214150311.0
008 130303s1898 ge g b 000 0 ger d
952 |0 0  |1 0  |2 lcc  |3 V.1  |4 0  |7 1  |9 45130  |a ARCE  |b ARCE  |d 2022-12-14  |l 0  |o ( F )PJ3085 .L5 v.1-2  |p 1005839  |r 2022-12-14 00:00:00  |w 2022-12-14  |y BK 
952 |0 0  |1 0  |2 lcc  |3 V.2  |4 0  |7 1  |9 60010  |a ARCE  |b ARCE  |d 2024-01-29  |l 0  |o ( F )PJ3085 .L5 v.1-2  |p 1005840  |r 2024-01-29 00:00:00  |w 2024-01-29  |y BK 
999 |c 2917  |d 2917 
035 |a rdb05060027 
040 |c ARCE Library 
049 |a EARC 
050 4 |a ( F )PJ3085 .L5 v.1-2 
100 1 |a Lidzbarski, Mark,  |d 1868-1928,  |e author  |9 34775 
245 1 0 |a Handbuch der nordsemitischen Epigraphik :  |b nebst ausgewählten Inschriften /  |c von Mark Lidzbarski. 
246 3 |a Nordsemitische Epigraphik 
264 1 |a Weimar :   |b E. Felber,   |c 1898. 
300 |a 2 volumes ;   |c 23-33 cm. 
504 |a Bibliography: v. 1, p. 4-88. 
650 0 |a Inscriptions, Semitic  |v Bibliography. 
650 0 |a Inscriptions, Semitic. 
901 |a reviewed 
942 |c BK  |2 lcc